El Calvario : (Registro nro. 36847)
[ vista simple ]
| 000 -CABECERA | |
|---|---|
| Longitud fija campo de control | 00609nam a2200157 4500 |
| 003 - • IDENTIFICADOR DELl NÚMERO DE CONTROL | |
| Identificador del número de control | CO-ViMGA |
| 020 ## - • NÚMERO INTERNACIONAL NORMALIZADO PARA LIBROS | |
| Número Internacional Normalizado para Libros (ISBN) | 978-958-57170-0-8 |
| 040 ## - FUENTE DE LA CATALOGACIÓN | |
| Centro catalogador de origen | CO-ViMGA |
| Lengua de catalogación | spa |
| Centro transcriptor | CO-ViMGA |
| 082 04 - • NÚMERO DE LA CLASIFICACIÓN DECIMAL DEWEY | |
| Número de clasificación (R) | Fr 986 |
| Número del ítem | C15 |
| 245 10 - • TITULO PROPIAMENTE DICHO | |
| Título | El Calvario : |
| Resto del título | cien años de historia : mirando al Llano y a Colombia / |
| Mención de responsabilidad, etc. | Alcaldia Municipal de El Calvario, Junta Organizadora del Centario JOC |
| 300 ## - • DESCRIPCIÓN FÍSICA | |
| Extensión | 198, [24] p. de láms. : |
| Otras características físicas | il., fot., mapas ; 24 cm |
| 504 ## - • NOTA DE BIBLIOGRAFÍA, ETC | |
| Nota de bibliografía, etc. | Bibliografía: p. 197-198 |
| 650 14 - • PUNTO DE ACCESO ADICIONAL DE MATERIA - TÉRMINO DE MATERIA | |
| Término de materia o nombre geográfico como elemento inicial | Historia |
| Subdivisión geográfica | El Calvario (Meta) - Colombia |
| 942 ## - ENTRADA DE ELEMENTOS AGREGADOS (KOHA) | |
| Fuente de clasificaión o esquema | Dewey Decimal Classification |
| Koha [por defecto] tipo de item | LIbro |
| Perdido | Estado Físico | No para préstamo | Forma de adquisición | Localización permanente | Localización actual | Fecha adquisición | Préstamos totales | Signatura completa | Código de barras | Fecha última consulta | Fecha del precio de reemplazo | Tipo de item de Koha |
|---|---|---|---|---|---|---|---|---|---|---|---|---|
| Fondo Regional Tercer Piso | Biblioteca Pública Germán Arciniegas - Villavicencio | Biblioteca Pública Germán Arciniegas - Villavicencio | 09/05/2017 | Fr 986 C15 | 32353 | 09/05/2017 | 09/05/2017 | LIbro |